UBT Library

Boards and wards / (Record no. 44018)

000 -LEADER
fixed length control field 00835cam a22003014a 4500
001 - CONTROL NUMBER
control field 14271161
005 - DATE AND TIME OF LATEST TRANSACTION
control field 20180302065910.0
008 - FIXED-LENGTH DATA ELEMENTS--GENERAL INFORMATION
fixed length control field 060216s2007 paua 001 0 eng
010 ## - LIBRARY OF CONGRESS CONTROL NUMBER
LC control number 2006005376
015 ## - NATIONAL BIBLIOGRAPHY NUMBER
National bibliography number GBA643578
Source bnb
016 7# - NATIONAL BIBLIOGRAPHIC AGENCY CONTROL NUMBER
Record control number 013455937
Source Uk
020 ## - INTERNATIONAL STANDARD BOOK NUMBER
International Standard Book Number 1405105097
020 ## - INTERNATIONAL STANDARD BOOK NUMBER
International Standard Book Number 9781405105095
035 ## - SYSTEM CONTROL NUMBER
System control number (OCoLC)ocm64230154
035 ## - SYSTEM CONTROL NUMBER
System control number (OCoLC)64230154
040 ## - CATALOGING SOURCE
Original cataloging agency DNLM/DLC
Transcribing agency DLC
Modifying agency BAKER
-- C#P
-- UKM
-- YUS
-- YDXCP
-- DLC
041 ## - LANGUAGE CODE
Language code of text/sound track or separate title eng
042 ## - AUTHENTICATION CODE
Authentication code pcc
060 10 - NATIONAL LIBRARY OF MEDICINE CALL NUMBER
Classification number WB 18.2
Item number B6618 2006
080 ## - UNIVERSAL DECIMAL CLASSIFICATION NUMBER
Universal Decimal Classification number 610.76
082 00 - DEWEY DECIMAL CLASSIFICATION NUMBER
Classification number 610.76
Edition number 22
100 ## - Rafti
Rafti 9
101 ## - Shkurtesa
Shkurtesa SHM
245 00 - TITLE STATEMENT
Title Boards and wards /
Statement of responsibility, etc [edited by] Carlos Ayala, Brad Spellberg.
906 ## - LOCAL DATA ELEMENT F, LDF (RLIN)
a 7
b cbc
c orignew
d 1
e ecip
f 20
g y-gencatlg
942 ## - ADDED ENTRY ELEMENTS (KOHA)
Source of classification or shelving scheme
Item type Books
Holdings
Withdrawn status Lost status Source of classification or shelving scheme Damaged status Not for loan Collection code Permanent location Current location Shelving location Date acquired Total Checkouts Full call number Barcode Date last seen Price effective from Koha item type
          Koleksioni i përgjithshem UBT - Lipjan UBT - Lipjan Koleksioni i përgjithshem 03/02/2018   610.76 CAR 002-3000531 03/02/2018 03/02/2018 Books
UBT Library © 2015-2024. All rights reserved University Education for Business and Technology